A-Z Catégorie : Géographie - Statistiques

Statistiques générales
  • Ce quiz a été pris 91 fois
  • Le résultat moyen est 14 sur 26
Statistiques - réponses
Hint Réponse % Correct
A Etat acheté par les Etats Unis à la Russie en 1867 Alaska
90%
L Région dans laquelle habiterait le Père Noël Laponie
85%
S Plus grand désert non-glaciaire du monde Sahara
82%
T Région de la Chine abritant le dalaï-lama Tibet
78%
W Région francophone de Belgique Wallonie
78%
G Archipel équatorien abritant de grandes tortues Iles Galapagos
77%
Z Ile au large de la Tanzanie prisée des touristes Zanzibar
73%
B Lac le plus profond du monde, situé en Sibérie Lac Baïkal
69%
K Forteresse dans laquelle résidaient les tsars Kremlin
64%
C Deuxième plus long fleuve d’Afrique Congo
59%
J Île indonésienne sur laquelle est située la capitale Java
58%
O Détroit séparant le golfe Persique de l’océan Indien Détroit d'Ormuz
54%
H Île sur laquelle se trouve Haiti et la République Dominicaine Hispaniola
54%
Y Plus ancien parc national au monde Yellowstone
54%
V Ville terminus du Transsibérien Vladivostok
50%
R Chaîne de montagnes située en Amérique du Nord Les Rocheuses
47%
P Plus grande île de la Thaïlande, la ville éponyme est une station balnéaire très prisée Phuket
44%
M Point le plus profond de la Terre Fosse des Mariannes
42%
Q Monnaie officielle du Guatemala, nommée d’après l’oiseau emblématique du pays Quetzal
41%
E Mer située aux côtes de la Grèce et la Turquie Mer Egée
31%
I Chutes d’eau situées à la frontière entre l’Argentine et le Brésil Chutes d'Iguazu
24%
F Capitale de Tuvalu Funafuti
24%
U Merveille naturelle du centre de l’Australie aussi connue sous le nom d’Ayers Rock Uluru
24%
N Tribu amérindienne du Sud-Ouest des Etats-Unis Navajo
23%
D Sommet le plus haut d’Amérique du Nord, aussi appelé Mont McKinley Denali
22%
X Langage africain caractérisé par des sons de clics uniques Xhosa
8%
Aucun quiz correspondant
Distribution des résultats
% des personnes avec chaque résultat
Percentile par nombre de réponses
Votre historique - résultats
Vous n’avez pas pris ce quiz